Employment and labour market in Central European countries detailed tables

Salvato in:
Dettagli Bibliografici
Natura: Periodico
Lingua:inglese
Pubblicazione: Luxembourg European Communities 2003
Serie:Theme 3: Population and social conditions
Soggetti:
Tags: Aggiungi Tag
Nessun Tag, puoi essere il primo ad aggiungerne!!

MARC

LEADER 00000nas2a2200000 4500
001 0052505
005 20230317103828.1
022 |a 1609-6266 
041 0 |a eng 
044 |a LU 
245 1 0 |a Employment and labour market in Central European countries  |b detailed tables 
264 1 |a Luxembourg  |b European Communities  |c 2003 
490 1 |a Theme 3: Population and social conditions 
830 0 |a Theme 3: Population and social conditions 
773 0 |w eu_un_cat*s124321 
610 2 0 |a zamestnanosť 
610 2 0 |a trh práce 
610 2 0 |a stredná Európa